IMO hỏi-đáp

Сохранить в:
Библиографические подробности
Главный автор: Đỗ, Thái Bình
Формат:
Язык:Undetermined
Опубликовано: Hà Nội Giao Thông Vận Tải 1997
Предметы:
Метки: Добавить метку
Нет меток, Требуется 1-ая метка записи!
Thư viện lưu trữ: Trung tâm Học liệu Trường Đại học Cần Thơ
LEADER 00480nam a2200169Ia 4500
001 CTU_21927
008 210402s9999 xx 000 0 und d
082 |a 341.7566 
082 |b B312 
100 |a Đỗ, Thái Bình 
245 0 |a IMO hỏi-đáp 
245 0 |c Đỗ Thái Bình 
260 |a Hà Nội 
260 |b Giao Thông Vận Tải 
260 |c 1997 
650 |a international law,maritime law 
980 |a Trung tâm Học liệu Trường Đại học Cần Thơ